Southville International School and Colleges
Your cart is empty.
  • Cart
  • Lists
    Public lists Eva Luna New books Lux_list list_1
    Your lists Log in to create your own lists
  • Log in to your account
  • Your cookies
  • Search history
Southville International School and Colleges
  • Advanced search
  • Recent comments
  • Most popular
  • Libraries

Log in to your account

Log in with GOOGLE


If you do not have an external account, but do have a local account, you can still log in:

  1. Home
  2. MARC view: Up close with Lee Kuan Yew :
Normal view MARC view ISBD view

Up close with Lee Kuan Yew : (Record no. 356380)

[ view plain ]
MARC details
000 -LEADER
fixed length control field 00547nam a22001697a 4500
003 - CONTROL NUMBER IDENTIFIER
control field SISC
005 - DATE AND TIME OF LATEST TRANSACTION
control field 20180411165156.0
008 - FIXED-LENGTH DATA ELEMENTS--GENERAL INFORMATION
fixed length control field 180411b xxu||||| |||| 00| 0 eng d
020 ## - INTERNATIONAL STANDARD BOOK NUMBER
International Standard Book Number 9789814677790
050 ## - LIBRARY OF CONGRESS CALL NUMBER
Classification number DS 610.73.L45
Item number .Up65 2016
245 ## - TITLE STATEMENT
Title Up close with Lee Kuan Yew :
Remainder of title insights from colleagues and friends /
260 ## - PUBLICATION, DISTRIBUTION, ETC. (IMPRINT)
Place of publication, distribution, etc Singapore :
Name of publisher, distributor, etc Marshall Cavendish Editions,
Date of publication, distribution, etc 2016.
300 ## - PHYSICAL DESCRIPTION
Extent 328 pages
650 ## - SUBJECT ADDED ENTRY--TOPICAL TERM
Topical term or geographic name as entry element Lee, Kuan Yew, -- 1923-2015 -- Anecdotes.
650 ## - SUBJECT ADDED ENTRY--TOPICAL TERM
Topical term or geographic name as entry element Prime ministers -- Singapore -- Anecdotes.
942 ## - ADDED ENTRY ELEMENTS (KOHA)
Source of classification or shelving scheme Library of Congress Classification
Koha item type Books
Holdings
Withdrawn status Lost status Source of classification or shelving scheme Damaged status Home library Current library Shelving location Date acquired Source of acquisition Sub Shelving location Total Checkouts Total Renewals Full call number Barcode Date last seen Date checked out Price effective from Koha item type
    Library of Congress Classification   College Library College Library Graduate Section 04/11/2018 Library Fund   2 19 DS 610.73.L45 .Up65 2016 C21482 01/16/2019 11/14/2018 04/11/2018 Books

Up close with Lee Kuan Yew :

APA

(2016). Up close with Lee Kuan Yew. Singapore: Marshall Cavendish Editions.

Chicago

2016. Up close with Lee Kuan Yew. Singapore: Marshall Cavendish Editions.

Harvard

(2016). Up close with Lee Kuan Yew. Singapore: Marshall Cavendish Editions.

MLA

Up close with Lee Kuan Yew. Singapore: Marshall Cavendish Editions. 2016.

  • Place hold
  • Print
  • Cite
  • Add to your cart (remove)
  • Save record
    BIBTEX Dublin Core MARCXML MARC (non-Unicode/MARC-8) MARC (Unicode/UTF-8) MARC (Unicode/UTF-8, Standard) MODS (XML) RIS
  • More searches
    Search for this title in:
    Other Libraries (WorldCat) Other Databases (Google Scholar) Online Stores (Bookfinder.com) Open Library (openlibrary.org)

Exporting to Dublin Core...

SOUTHVILLE LIBRARY

Southville International School and Colleges Library

1281 Tropical Ave. Cor. Luxembourg St., BF Homes International, Las Pinas City

Tel. No. 8256374 / 252358 Loc. 117/146

Powered by Koha